LEADER 01140nam0-22003611i-450 001 990001786350403321 005 20190924105331.0 010 $a88-85269-27-3 035 $a000178635 035 $aFED01000178635 035 $a(Aleph)000178635FED01 035 $a000178635 100 $a20030910d1993----km-y0itay50------ba 101 0 $aita 200 1 $aLineamenti di politica e legislazione forestale ed ambientale in Italia e nella Comunità Economica Europea$fAntonio Postiglione 210 $aSalerno$cElea press$d1993 215 $a191 p.$d24 cm 610 0 $aPolitica forestale 610 0 $aLegislazione ambientale 610 0 $aLegislazione forestale 676 $a333 700 1$aPostiglione,$bAntonio$0356745 801 0$aIT$bUNINA$gRICA$2UNIMARC 901 $aBK 912 $a990001786350403321 952 $a60 333 POSA 1993$b5062$fFAGBC 952 $aV B 76$b1078$fFMVBC 952 $a59.1-28$b292$fDMVBF 959 $aFAGBC 959 $aFMVBC 959 $aDMVBF 996 $aLineamenti di politica e legislazione forestale ed ambientale in Italia e nella Comunità Economica Europea$9407860 997 $aUNINA LEADER 00956nam 2200277 450 001 9910679001203321 005 20230403132001.0 010 $a3-7001-0776-5 100 $a20230403d1986----kmuy0itay5050 ba 101 0 $aeng$cgrc 102 $aAT 105 $a 001yy 200 1 $a<>Essays on Euripides and George of Pisidia and on Heliodorus and Achilles Tatius$fMichael Psellus$ged. by Andrew R. Dyck 210 $aWien$cÖsterreichischen Akademie der Wissenschaften$d1986 215 $a124 p.$d24 cm 225 1 $aByzantina Vindobonensia$v16 676 $a880.2 700 1$aPsellos,$bMichel$f<1018-1078>$0182427 702 1$aDyck,$bAndrew Roy$f<1947-....> 801 0$aIT$bUNINA$gRICA$2UNIMARC 901 $aBK 912 $a9910679001203321 952 $aP2B 630 PSELLUS M 300 (1986)$b9644$fFLFBC 959 $aFLFBC 996 $aEssays on Euripides and George of Pisidia and on Heliodorus and Achilles Tatius$91073706 997 $aUNINA